000 01202nam0a22002531 4500
001 rc\471851
005 20250621095856.0
035 _a(NLR Aleph) 005715485
090 _a7422949
_c7422949
100 _a20030616d1987 |||y0rusy50 ca
101 0 _arus
102 _aRU
105 _ay |||||||||
200 1 _aИспользование отходов и попутных продуктов для производства строительных материалов
_f[И.В. Шеляхин, В.А. Ященко, И.Ф. Попенко, В.И. Фадеичева]
210 _aКиев
_cУкрНИИНТИ
_d1987
215 _a28, [2] с.
_d20
225 1 _aСтроительство
_eОбзор. информ.
_fУкр. НИИ НТИ и техн.-экон. исслед.
_hСерия 44.4
_iСтроительные материалы и изделия. Технология производства строительных материалов
320 _aБиблиогр.: с. 25-29 (70 назв.)
701 1 _aШеляхин
_bИ.В.
_gИгорь Владимирович
801 0 _aRU
_bNLR
_gpsbo
801 1 _aRU
_bELAR
_2rusmarc
852 _aNLR
_j87-4/11944
942 _cBOOK
980 _aNB